000 00500nam a2200181Ia 4500
008 230917s9999||||xx |||||||||||||| ||und||
020 _cGBP41.99
040 _e227171
_aMAIN
041 _aEnglish
082 _a338.4791 E15S(2)
100 _aEvans, Nigel
245 0 _aStrategic management for tourism, hospitality and event's
250 _a2nd ed.
260 _aLondon
_bRoutledge
_c2015
300 _axviii, 708 p.
500 _a2125 24/09/2015 PBA15/561 04/12/2015 Main Budget
942 _cBK
999 _c16134
_d16134